Normal view
MARC view
- Malaysia
Entry Topical Term
001 - CONTROL NUMBER
- control field: 3683
003 - CONTROL NUMBER IDENTIFIER
- control field: OSt
005 - DATE AND TIME OF LATEST TRANSACTION
- control field: 20170511161450.0
008 - FIXED-LENGTH DATA ELEMENTS
- fixed length control field: 170511|| aca||aabn | a|a d
040 ## - CATALOGING SOURCE
- Original cataloging agency: OSt
- Transcribing agency: OSt
150 ## - HEADING--TOPICAL TERM
- Topical term or geographic name entry element: Malaysia
- General subdivision: Economic policy
670 ## - SOURCE DATA FOUND
- Source citation: Work cat.: (OSt)0: Fong, Chan Onn 3682, The Malaysian economic challenge in the 1990s :, 1989

PORTAL AKMAL
E-MEL JKDM
AKMAL2U
G-BAM
u-PUSTAKA